| 000 | 00440nam 22001453 4500 | ||
|---|---|---|---|
| 001 | 32594 | ||
| 090 | _a32594 | ||
| 100 | _a20260317d u||y0pory50 ba | ||
| 101 | _aeng | ||
| 200 |
_aAgricultural Meteorology _eProceedings of the WMO Seminar Melbourne, Australia 28 november- 16 december 1966 _fWMO |
||
| 210 |
_aAustrália _cWMO _d1968 |
||
| 317 | _5Serviço Meteorológico Nacional | ||
| 606 |
_xMetereologia Agrícola _923785 |
||
| 801 | _gISBD | ||
| 942 | _n0 | ||